|
|
|
|
| LEADER |
00000nam a2200000 a 4500 |
| 001 |
UCV3645 |
| 003 |
CL-VaPUC |
| 008 |
890926e19870000SP |||||||||||||||||spa|d |
| 082 |
0 |
4 |
|a 001.642
|b PER
|2 21
|
| 100 |
0 |
|
|a Pérez-Lemaur, Paloma
|e author
|9 297915
|
| 245 |
1 |
0 |
|a Diagramas de flujo: ejercicios y problemas
|
| 300 |
|
|
|a 202 p
|
| 942 |
|
|
|c BK
|
| 945 |
|
|
|d 19890926 00:00:00
|
| 260 |
|
|
|a Madrid
|b Paraninfo
|c 1987
|
| 650 |
|
7 |
|a DIAGRAMAS FUNCIONALES
|2 CL-VaPUC
|9 259424
|
| 583 |
|
|
|a last modification
|c 19890926 00:00:00
|k Rodrigo Vera
|
| 999 |
|
|
|c 210792
|d 210790
|
| 952 |
|
|
|0 0
|1 0
|4 0
|6 001_642000000000000_PER_1987
|7 0
|8 A
|9 187545
|a BIBALI
|b BIBALI
|c GEN
|d 2019-11-14
|i 2551330
|o 001.642 PER 1987
|p 2551330
|r 2025-01-20
|w 2019-11-14
|y BK
|k ALI
|